Las organizaciones internacionales /
Guardado en:
| Autor Principal: | |
|---|---|
| Formato: | Libro |
| Idioma: | Spanish |
| Publicado: |
Madrid :
Tecnos,
1999
|
| Edición: | 11a. ed. |
| Materias: | |
| Etiquetas: |
Agregar Etiqueta
Sin Etiquetas, Sea el primero en etiquetar este registro!
|
| LEADER | 00484nam a22001575a 4500 | ||
|---|---|---|---|
| 001 | DER.der005154 | ||
| 008 | 180615s1999####ag#||||||||||||||#||spa|| | ||
| 005 | 20250228140336.0 | ||
| 245 | 1 | 0 | |a Las organizaciones internacionales / |c Manuel Diez de Velasco Vallejo |
| 250 | |a 11a. ed. | ||
| 260 | |a Madrid : |b Tecnos, |c 1999 | ||
| 300 | |a 847 p. | ||
| 020 | |a 8430934510 | ||
| 100 | 1 | |a Diez de Velasco Vallejo, Manuel | |
| 650 | 7 | |a DERECHO INTERNACIONAL PUBLICO | |
| 859 | |a DERECHO |b BIB. DERECHO |h 341 |i DIE |p 005521 | ||
